| 000 | 00683nam a22001697a 4500 | ||
|---|---|---|---|
| 020 | _a978-1-4088-3494-7 | ||
| 082 |
_a823 _bMAS/C |
||
| 100 | _aMASS, SARAH J | ||
| 245 | _aCROWN OF MIDNIGHT | ||
| 246 |
_aCROWN OF MIDNIGHT _bCROWN OF MIDNIGHT |
||
| 260 |
_aLONDON _bBLOOMSBURY _c2013 |
||
| 300 | _a418 | ||
| 490 | _aA THRONE OF GLASS SERIES | ||
| 520 | _aEighteen-year-old Celaena Sardothien survived a year as a slave in the brutal prison camp at Endovier and battled criminals and evil monsters to win the title of King's Champion. Now she must work as the royal assassin to Adarlan's evil king for four years to win her freedom. | ||
| 650 | _aENGLISH FANTACY NOVEL | ||
| 942 | _cBK | ||
| 999 |
_c8612 _d8612 |
||